<?xml version="1.0" encoding="UTF-8"?>
<record
    xmlns:xsi="http://www.w3.org/2001/XMLSchema-instance"
    xsi:schemaLocation="http://www.loc.gov/MARC21/slim http://www.loc.gov/standards/marcxml/schema/MARC21slim.xsd"
    xmlns="http://www.loc.gov/MARC21/slim">

  <leader>01984nam a22002057a 4500</leader>
  <controlfield tag="005">20210414113938.0</controlfield>
  <controlfield tag="008">120514t        xxu||||| |||| 00| 0 eng d</controlfield>
  <datafield tag="020" ind1=" " ind2=" ">
    <subfield code="a">0684835452</subfield>
  </datafield>
  <datafield tag="050" ind1=" " ind2=" ">
    <subfield code="a">HF5415.3M33</subfield>
  </datafield>
  <datafield tag="100" ind1=" " ind2=" ">
    <subfield code="a">Marder, Eric</subfield>
  </datafield>
  <datafield tag="245" ind1=" " ind2=" ">
    <subfield code="a">The laws of choice: predicting customer behaviour. /</subfield>
    <subfield code="c">Eric Marder,</subfield>
  </datafield>
  <datafield tag="260" ind1=" " ind2=" ">
    <subfield code="a">Toronto:</subfield>
    <subfield code="b">Free Press,</subfield>
    <subfield code="c">1997.</subfield>
  </datafield>
  <datafield tag="300" ind1=" " ind2=" ">
    <subfield code="a">xvi, 448 p.:</subfield>
    <subfield code="b">ill.;</subfield>
    <subfield code="c">18 cm.</subfield>
  </datafield>
  <datafield tag="500" ind1=" " ind2=" ">
    <subfield code="a">Includes index.</subfield>
  </datafield>
  <datafield tag="505" ind1=" " ind2=" ">
    <subfield code="a">Contents: Marketing and choice -- Defining choice research -- First principles of choice research -- The First law: the law of congrunence -- Measuring choice -- Price testing -- Concept testing -- Product testing -- Paired comparissons -- Deserved share -- What step measures -- Beyond product category boundaries -- The Anatomy of questions -- The Second law: the law of primacy -- Struggling to see the obvious -- The Partitioning of choice -- Constructing the map -- Twists and turns in measuring the desirability of attributes -- Dynamic assessments --  The Synthesis of step and summ -- Brand positioning -- Measuring advertising -- Measuring print ADs -- Measuring television commercials -- Measuring television campaigns -- The Third law: the law of persistence -- Budget allocation across brands -- Appendix A: Computation of VEST penetration -- Appendix B: The Variance and sensitivity of step and first-choice  share -- Appendix C: The Tie-share vector and the frequency vector -- Appendix D: Implications of the STEP-SUMM slope -- Appendix E: The Sensitivity of the integrated and absolute methods -- Appendix F: Variants of SUMM -- Appendix G: Competitive frame reduction -- Appendix H: Share and countershare partition -- Appendix I: The Television of the universal Ad. -- Appendix J: The contaminated criss-cross tests -- Appendix K: The Collection and analysis of Ad-weight data.</subfield>
  </datafield>
  <datafield tag="650" ind1=" " ind2=" ">
    <subfield code="a">Consumer behavior. </subfield>
  </datafield>
  <datafield tag="650" ind1=" " ind2=" ">
    <subfield code="a">Consumers </subfield>
    <subfield code="x"> Attitudes. </subfield>
  </datafield>
  <datafield tag="650" ind1=" " ind2=" ">
    <subfield code="a">Motivation research (Marketing) </subfield>
  </datafield>
  <datafield tag="942" ind1=" " ind2=" ">
    <subfield code="2">lcc</subfield>
    <subfield code="c">BK</subfield>
  </datafield>
  <datafield tag="999" ind1=" " ind2=" ">
    <subfield code="c">877</subfield>
    <subfield code="d">8377</subfield>
  </datafield>
  <datafield tag="952" ind1=" " ind2=" ">
    <subfield code="0">0</subfield>
    <subfield code="1">0</subfield>
    <subfield code="2">lcc</subfield>
    <subfield code="4">0</subfield>
    <subfield code="7">0</subfield>
    <subfield code="a">WIUC-1</subfield>
    <subfield code="b">WIUC-1</subfield>
    <subfield code="c">GEN</subfield>
    <subfield code="d">2012-05-14</subfield>
    <subfield code="l">0</subfield>
    <subfield code="o">HF5415.3M33</subfield>
    <subfield code="p">2102/12</subfield>
    <subfield code="r">2012-05-14 00:00:00</subfield>
    <subfield code="t">1</subfield>
    <subfield code="w">2012-05-14</subfield>
    <subfield code="y">BK</subfield>
  </datafield>
</record>
